| 000 | 00621cam a22001577a 4500 | ||
|---|---|---|---|
| 008 | 180718b2008 xxu||||| |||| 00| 0 eng d | ||
| 082 | _aAPPPA 2007-08/CHO | ||
| 100 | _aChoudhary, N.R. | ||
| 245 |
_aReservation issues and their fallout in Rajasthan _cby N.R. Choudhary |
||
| 260 |
_aNew Delhi _bIndian Institute of Public Administration _c2008 |
||
| 300 | _a178p. | ||
| 500 | _aAn APPPA M.Phil dissertation, 2007-08 (Guide: Sushma Yadav) | ||
| 650 | _aScheduled castes and scheduled tribes - India - Rajasthan | ||
| 650 | _aBackward classes - India - Rajasthan | ||
| 650 | _aReservation - employment - India - Rajasthan | ||
| 999 |
_c493587 _d493587 |
||